Gaming Quiz

Random Gaming or Video Games Quiz

Two Word Title Mash-Up Match-Up: Video Games Quiz Stats

Quiz Updated Oct 6, 2014

Challenge
Share
Tweet
Score 0/20 Timer 03:00
0 Plays Today
% Correct
Kingdom Kong
95.9%
Katamari Kombat
94.9%
Tomb Hill
94.4%
Banjo Hero
93.9%
Chrono Creed
93.3%
Mario Mansion
92.8%
Crash Taxi
91.9%
Kid Turismo
90.7%
Bionic Evil
90.7%
Max Hunt
90%
% Correct
Twisted Fantasy
89.8%
Street Crossing
89.7%
Crimson Nukem
88.3%
Oregon Piñata
86.3%
Mega Warrior
82%
Mass Fandango
81.5%
Metroid Moon
79.8%
Advance Fox
78.2%
Pokémon Dark
74.4%
Xenoblade Legends
68.2%

You're not logged in!

Compare scores with friends on all Sporcle quizzes.
Sign Up with Email
OR
Log In

You Might Also Like...

Show Comments

Extras

Top Quizzes Today


Score Distribution

Your Account Isn't Verified!

In order to create a playlist on Sporcle, you need to verify the email address you used during registration. Go to your Sporcle Settings to finish the process.